000 00308nam a22001217a 4500
008 230731b xxu||||| |||| 00| 0 eng d
020 _a9241562366
082 _a362.5
_bREP 2003
245 _aPoverty and Health
_bDAC Guidelines and Reference Series
260 _b WHO
_c2003
300 _a89p
942 _2ddc
_cBK
999 _c4027
_d4027